| 000 | 00362nam a22001457a 4500 | ||
|---|---|---|---|
| 008 | 240408b |||||||| |||| 00| 0 eng d | ||
| 020 | _a30019270 | ||
| 082 | _a621.3 | ||
| 100 | _aIlian, George. | ||
| 245 |
_aSteve Jobs: _bSuccess Secrets |
||
| 260 |
_aMumbai: _bJaico Publishing House, _c2022. |
||
| 300 |
_a83 p.; _c20 Cm. |
||
| 942 | _2ddc | ||
| 999 |
_c9866 _d9867 |
||